| 000 | 00945nam a2200229 i 4500 | ||
|---|---|---|---|
| 001 | 177439 | ||
| 003 | ES-MaACL | ||
| 005 | 20230906220329.0 | ||
| 007 | t| | ||
| 008 | 110323s2011 sp a |||| |dspa d | ||
| 080 | _a929 Palacio, Carlos | ||
| 080 | _a78 Palacio, Carlos | ||
| 245 | 0 | 0 |
_aHomenatge del Centre Alcoià d'Estudis Històrics i Arqueològics (CAEHA) a Carlos Palacio (1911-1997) : en el centenari de seu naixement / _c[coordinació, À. Beneito... (et al.) ; textos, Juan Alcalde... (et al.) ; correcció lingüística del text en valencià, J. Victoriano Lavinya]. |
| 260 |
_aAlcoi : _bCAEHA, _c2011. |
||
| 300 |
_a63 p. : _bil. ; _c20 cm. |
||
| 546 | _aTexto en castellano y catalán. | ||
| 600 | 1 | 4 |
_aPalacio, Carlos ( _d1911-1997)- _vHomenajes. _9145823 |
| 700 | 1 |
_aBeneito Lloris, Àngel. _9145822 |
|
| 700 | 1 |
_aAlcalde, Juan. _919479 |
|
| 700 | 1 |
_aVictoriano Lavinya, Joaquim E. _9145824 |
|
| 852 |
_aES-MaACL _j2305-F-11 |
||
| 999 |
_c177439 _d177439 |
||